| 000 | 00505nam a2200193 u 4500 | ||
|---|---|---|---|
| 005 | 20240228064312.0 | ||
| 008 | 170919s2009 mx r 000 0 spa d | ||
| 035 | _aUPN01000220700 | ||
| 049 | _aI | ||
| 050 | 4 |
_aPZ71 _bO3.3 |
|
| 245 | 0 | 4 | _aLos oficios. |
| 260 |
_aMéxico : _bTrillas, _c2009. |
||
| 300 |
_a24 p. : _bil. col. |
||
| 440 | 0 | _aMaqueta | |
| 650 | 4 |
_aOCUPACIONES - _vLITERATURA INFANTIL _911057 |
|
| 650 | 4 |
_aLibros y lectura para niños _92290 |
|
| 905 | _aInfantil | ||
| 999 |
_c192799 _d192799 |
||